00761nam a2200241 a 4500001001300000003000900013005001700022008004100039020002300080082001700103100002600120245005800146260004000204300000900244500003500253505002400288650002900312700002600341902000800367942000700375952012000382999001700502nice12345678IN_TiNIC20260116015041.0070914s2006 newa grp 000 0 eng  a8125030484 c65000a954.823bTHA aTharamangalam, Joseph aKerala the Paradoxes of Public Action and Development aNew Delhi bOrient Blackswan c2006 a404p aincludes index and biblioraphy2 aBibliography, Index aKerala-Social Conditions1 aTharamangalam, Joseph bSRS cBK 001040708StackRoom-aHMIbHMId2011-10-21g650.00l0o954.823 THAp11002006r2011-10-21v650.00w2007-09-14yBK c18100d18100